Normal view
MARC view
- سيسالم،كمال محمد مؤلف/الراميني،فواز فتح الله مراجع لغوي
Entry Personal Name
001 - CONTROL NUMBER
- control field: 22824
003 - CONTROL NUMBER IDENTIFIER
- control field: JO-AjAnu
005 - DATE AND TIME OF LATEST TRANSACTION
- control field: 20230606073931.0
008 - FIXED-LENGTH DATA ELEMENTS
- fixed length control field: 230606|| aca||aabn | a|a d
040 ## - CATALOGING SOURCE
- Original cataloging agency: JO-AjAnu
- Transcribing agency: JO-AjAnu
100 ## - HEADING--PERSONAL NAME
- Personal name: سيسالم،كمال محمد مؤلف/الراميني،فواز فتح الله مراجع لغوي
670 ## - SOURCE DATA FOUND
- Source citation: Work cat.: (JO-AjAnu)11732: سيسالم،كمال محمد مؤلف/الراميني،فواز فتح الله مراجع لغوي, author, الدمج في مدارس التعليم العام وفصوله